000 00953cam a2200277 i 4500
001 15025381
003 EG-ScBUE
005 20260419095028.0
008 070927s2008 enk f b 001 0 eng d
020 _a9780415399876 (softcover)
040 _aDLC
_beng
_erda
_cDLC
_dEG-ScBUE
082 0 4 _a551.48
_222
_bDAV
100 1 _aDavie, Tim,
_eauthor.
_95577
245 1 0 _aFundamentals of hydrology /
_cTim Davie.
250 _aSecond edition.
264 1 _aAbingdon, Oxon ;
_aN.Y., NY :
_bRoutledge,
_c2008.
300 _axx, 200 pages [4] pages of plates :
_billustrations (some color), maps (some color) ;
_c25 cm
336 _2rdacontent
_atext
_btxt
337 _aunmediated
_2rdamedia
_bn
338 _avolume
_bnc
_2rdacarrier
504 _aIncludes bibliographical references and index.
650 0 _aHydrology
_vTextbooks.
_2BUEsh
_95579
655 _vReading book
942 _2ddc
_cBB
999 _c11680
_d11680